000 00681nam a2200253Ia 4500
003 OSt
005 20220918163231.0
006 a|||||r|||| 00| 0
007 ta
008 220917b |||||||| |||| 00| 0 eng d
020 _a0 416 82630 X
024 _a28,398
037 _cTextual
040 _aARTS
_cARTS
_beng
041 _2eng
_aeng
082 _aO111,3M10:g, L5
100 _aCraik W A
_912229
245 0 _aElizabeth Gaskell and the English provincial novel
260 _aLondon
_bMethuen UK
_c1975
300 _axii,277p.
_ccm.
650 _aENGLISH LITERATURE
942 _hO111,3M10:g, L5
_cTEXL
_2CC
999 _c118666
_d118666